| 000 | 00530nam a2200193Ia 4500 | ||
|---|---|---|---|
| 003 | LDD | ||
| 008 | 181029s9999 xx 000 0 und d | ||
| 020 |
_a978180302558 _c795.00 |
||
| 040 | _cLDD | ||
| 100 | _aSahu, S.P. | ||
| 245 | 0 |
_aBasic nuclear physics _cS.P. Sahu |
|
| 260 |
_aNew Delhi _bCampus Books _c2010 |
||
| 300 | _a272p. | ||
| 365 | _b795.00 | ||
| 901 |
_a6298 _b28-09-2010 |
||
| 902 |
_aSBS/D/170/2010 _b27-10-2010 _cF _dSBS _e53 |
||
| 903 |
_aDiscount-15 _bReqst by : S. Gupta |
||
| 942 |
_2ddc _cBK |
||
| 999 |
_c93107 _d93107 |
||